Biblioteka Instytutu Północnego w Olsztynie

Widok standardowy Widok MARC

Pozycja Geographic Name

Liczba rekordów, w których użyto hasła: 1

001 - Numer kontrolny

  • control field: 40983

003 - Identyfikator numeru kontrolnego

  • control field: NUKAT

005 - Data i czas ostatniej modyfikacji

  • control field: 20260430105328.0

008 - Dane kontrolne kodowane (40 znaków)

  • fixed length control field: 191113n||azznnbabn |a ana |

010 ## - Numer kontrolny Biblioteki Kongresu

  • numer kontrolny LC: p 2019077902

034 ## - CODED CARTOGRAPHIC MATHEMATICAL DATA

  • Coordinates - westernmost longitude: E0303000
  • Coordinates - easternmost longitude: E0303000
  • Coordinates - northernmost latitude: N0502700
  • Coordinates - southernmost latitude: N0502700
  • Source: geonames

035 ## - Numer systemowy

  • numer systemowy: (PL)a1000000709851

040 ## - Instytucja sporządzająca rekord

  • inst. przygot. dane do rek. khw: WA N
  • język haseł przedmiotowych/tezaurus: DBN
  • inst. wprow. rek. khw: WA N

043 ## - Kod obszaru geograficznego

  • ISO code: UA

045 2# - Okres czasu dla hasła

  • okr. czasu od 9999 pne do n.e.: d1917
  • okr. czasu od 9999 pne do n.e.: d 1921

151 ## - Hasło - nazwa geograficzna

  • nazwa geograficzna: Ukraińska Republika Ludowa

368 ## - Other Attributes

  • Juris type: Państwa dawne

451 ## - Trop zob. - nazwa geograficzna

  • nazwa geograficzna: URL

451 ## - Trop zob. - nazwa geograficzna

  • nazwa geograficzna: UNR

451 ## - Trop zob. - nazwa geograficzna

  • nazwa geograficzna: Ukrainian People's Republic

451 ## - Trop zob. - nazwa geograficzna

  • nazwa geograficzna: Ukrainian National Republic

451 ## - Trop zob. - nazwa geograficzna

  • nazwa geograficzna: Ukraïns'ka Narodna Respublìka

451 ## - Trop zob. - nazwa geograficzna

  • nazwa geograficzna: Українська Народна Республіка

550 ## - Trop zob. też - nazwa pospolita

  • nazwa posp. lub nazwa geogr. na pocz.: Wojna ukraińsko-bolszewicka (1917-1921)

550 ## - Trop zob. też - nazwa pospolita

  • nazwa posp. lub nazwa geogr. na pocz.: I pochód zimowy (1919-1920)

550 ## - Trop zob. też - nazwa pospolita

  • nazwa posp. lub nazwa geogr. na pocz.: II pochód zimowy (1921)

551 ## - Trop zob. też - nazwa geograficzna

  • nazwa geograficzna: Ukraina

551 ## - Trop zob. też - nazwa geograficzna

  • nazwa geograficzna: Zachodnioukraińska Republika Ludowa

551 ## - Trop zob. też - nazwa geograficzna

  • podpole kontrolne: h
  • nazwa geograficzna: Zachodni Obwód Ukraińskiej Republiki Ludowej

670 ## - Źródło informacji

  • źródło informacji: Do Wyborców Polaków : Rodacy! : [Incipit:] Wkrótce odbyć się mają wybory do Zgromadzenia Ustawodawczego (Konstytuanty) Ukraińskiej Republiki Ludowej [...] / Polski Komitet Wyborczy. - [Odessa], [1917-1921].

670 ## - Źródło informacji

  • źródło informacji: Wikipedia
Biblioteka Instytutu Północnego, ul. Partyzantów 87, 10-402 Olsztyn, email: biblioteka(at)ip.olsztyn.pl